|
|
|
|
| LEADER |
00000nab a2200000 ar4500 |
| 001 |
vtls009295324 |
| 003 |
SK-MaSNL |
| 005 |
20260303054253.0 |
| 008 |
080519c20080512xo wr|p|||||||000 b|slo |
| 015 |
|
|
|a SNBRB2008/06
|2 snkbucl
|
| 038 |
|
|
|a SNKBUCL
|
| 040 |
|
|
|a SNKBUCL
|b slo
|c SNKBUCL
|e AACR2
|
| 041 |
0 |
|
|a slo
|
| 044 |
|
|
|a xo
|c SK
|
| 080 |
|
|
|a 796.322.093.1
|2 2001
|
| 245 |
0 |
0 |
|a O bronze sa rozhodne v Michalovciach
|b tretí a štvrtý zápas play-off o 3. miesto
|
| 300 |
|
|
|b Tab.
|
| 650 |
0 |
7 |
|a hádzaná
|2 snkbucl
|9 3292
|
| 650 |
0 |
7 |
|a ženy
|2 snkbucl
|9 4865
|
| 650 |
0 |
7 |
|a WHIL
|2 snkbucl
|9 872589
|
| 650 |
0 |
7 |
|a play-off
|2 snkbucl
|9 859805
|
| 650 |
0 |
7 |
|a o 3. miesto
|2 snkbucl
|9 1041837
|
| 773 |
0 |
|
|t Šport
|g Roč. 62, č. 109 (12.5.2008), s. 41
|x 0139-7001
|
| 852 |
|
|
|a SNK
|b KIS3GCP
|
| 999 |
|
|
|c 1722613
|d 1724543
|